Musiques de La Boîte à musique - Statistiques

Statistiques générales
  • Ce quiz a été pris 3 fois
  • Le résultat moyen est 1 sur 10
Statistiques - réponses
Illustrations Musique classique % Correct
7 Un jeune garçon, un canard, un chat et un loup Pierre et le Loup
67%
6 ... dansent, Dinah Shore chantent Deux Silhouettes
33%
8 Des instruments qui bougent After You've Gone
0%
3 Des adolescents danses grâce à un Jukebox All the Cats Join In
0%
5 Histoire d'un joueur de baseball Casey (at the bat)
0%
9 L'histoire d'amour entre 2 chapeaux Johnny Fedora et Alice Blue Bonnet
0%
10 Découverte dans les mers, Succés, chute sous les coups d'harpons La Baleine Qui Voulait Chanter à l'Opéra
0%
1 2 familles qui s'opposent Le Martin et les Blaise
0%
4 Des pétales, une lumière, une chanson, une fenêtre et la pluie Si Vous M'Aimiez Autant
0%
2 Un oiseau dans le marais s'envole vers Sous la Lune d'Argent
0%
Aucun quiz correspondant
Distribution des résultats
% des personnes avec chaque résultat
Percentile par nombre de réponses
Votre historique - résultats
Vous n’avez pas pris ce quiz